000 01726cas a22004694a 4500
001 muse86607
003 MdBmJHUP
005 20210127151713.0
006 m o d
007 cr||||||||nn|n
008 970716c19979999wau o 00 0 eng d
010 _zsn 97048282
020 _a9781469656717
020 _z9781469656700
035 _a(OCoLC)1155224568
040 _aMdBmJHUP
_cMdBmJHUP
043 _an-usp--
050 1 4 _aML3476.8
_b.E97
050 0 4 _aIN PROCESS
245 1 0 _aIdeology, Mimesis, Fantasy
_bCharles Sealsfield, Friedrich Gerstäcker, Karl May, and Other German Novelists of America
264 1 _bThe Project,
264 3 _bProject MUSE,
300 _a1 online resource (v.) :
_bill. ;
500 _aTitle from cover.
506 0 _aOpen Access
_fUnrestricted online access
_2star
588 _aDescription based on print version record.
610 2 7 _aExperience Music Project.
_2fast
_0(OCoLC)fst00718069
610 2 0 _aExperience Music Project
_vPeriodicals.
650 0 _aPopular music.
_2fast
_0(OCoLC)fst01071422
650 0 _aPopular music
_zNorthwest, Pacific
_vPeriodicals.
651 0 _aPacific Northwest.
_2fast
_0(OCoLC)fst01242543
655 0 _aPeriodicals.
_2fast
_0(OCoLC)fst01411641
655 7 _aElectronic books.
_2local
780 0 0 _tFeedback
_w(DLC)sn 97048278
_w(OCoLC)37265792
710 2 _aProject Muse.
_edistributor
830 0 _aBook collections on Project MUSE.
856 4 0 _zFull text available:
_uhttps://muse.jhu.edu/book/75710/
999 _c26716
_d26716